00971 2200289 4500001002100000005001500021035002000036007000300056008004100059082001100100084001700111100003600128245007600164250001300240260005800253300003200311650001800343264005800361264005800419264004700477264003700524336002100561337003000582338002300612020002200635990002400657INLIS00000000000433920260527011256 a0010-1121000106ta260527 0  a398.23 a398.23 WUL t0 aWulan Mulya Pratiwi,ePengarang1 aTiga Puluh Empat Legenda Asal Usul di Nusantara /cWulan Mulya Pratiwi, a--Cet--1 a--Jakarta; :bYayasan Pesantren Islam Al Azhar,c2015 a160 hlm. :billus ;c23 cm, 4aCerita Rakyat a--Jakarta; :bYayasan Pesantren Islam Al Azhar,c2015 a--Jakarta; :bYayasan Pesantren Islam Al Azhar,c2015 a--Jakarta; :bElex Media Komputindo,c2018 aJakarta :bElex Media Komputindo 2rdacontentaTeks 2rdamediaaTanpa Perantara 2rdacarrieravolume a978-602-04-8422-8 a33.354/DAK/DPK/2019